000 004760000a22001810004500
020 _a0-8499-2916-4
041 0 _aENG
082 0 4 _aG 616.89 O814u
100 1 _aOsborne, Cecil G.
245 1 0 _aUnderstanding your past : The key to your future / Cecil G. Osborne
260 _aWaco, TX., USA : Word
300 _a207 Pag
001 10483
942 _cBK
999 _c40034
_d40034
336 _atexto
_btxt
_2rdacontent
337 _2rdamedia
_asin mediación
_bn
338 _2rdacarrier
_avolumen
_bnc